000 00413nam a2200169Ia 4500
008 230524s9999 xx 000 0 und d
020 _a9780074620540
082 _bCHA
100 _aA.K. Chandra
_942241
245 0 _a"Introductory to Quantum Chemistry,"
250 _a4
260 _aNew Delhi
_bMGH
_c2014
300 _a"XIII,385p;"
500 _aQuantity Number: 1
650 _aChemistry
942 _cBK
999 _c56590
_d56590